Score 0/20 Timer 03:00
0 Plays Today
Disney Song Missing Word % Correct
The _____ NecessitiesBare
95.2%
A _____ New WorldWhole
94.4%
I'll Make a _____ Out of YouMan
90.3%
When I see An _____ FlyElephant
87.8%
Ev'rybody Wants to be a _____Cat
87.4%
_____ MatataHakuna
86.7%
In a _____ of My OwnWorld
84.7%
Once Upon A _____Dream
75.9%
Steady As the _____ DrumBeating
62.5%
A _____ in the Right DirectionStep
59.5%
Disney Song Missing Word % Correct
I Won't _____ (I'm in Love)Say
59.5%
I've Got no _____Strings
55.5%
God Help the _____Outcasts
43.1%
The _____ Cat SongSiamese
42.9%
Following the _____Leader
42.2%
Oh, Sing Sweet _____Nightingale
32.2%
You Belong to My _____Heart
32.1%
Oo-De-_____Lally
20.4%
Les _____Poissons
17.7%
I Will Go _____ No MoreSailing
14.7%

Today's Daily Dose

Remove Ads.
Support Sporcle.
Get the best of Sporcle when you Go Orange. This ad-free experience offers more features, more stats, and more fun while also helping to support Sporcle. Thank you for becoming a member.

You're not logged in!

Compare scores with friends on all Sporcle quizzes.
OR
Log In

Show Comments

Extras

Top Quizzes Today


Score Distribution

Your Account Isn't Verified!

In order to create a playlist on Sporcle, you need to verify the email address you used during registration. Go to your Sporcle Settings to finish the process.

Report this User

Report this user for behavior that violates our Community Guidelines.

Details: